00336nam a2200169Ia 4500008004000000041000800040082001200048100001400060245002500074260002000099440000600119650000800125650000700133650000900140650001100149650000600160210210b1871 xxu||||| |||| 00| 0 eng d aeng a828/288 aHELPS (A) aLife of Cortes Vol 1 aLondonb-c1871 a1 aVol aof aLife aCortes a1